[Event "April 9 Late 2024"]
[Site "Chess.com"]
[Date "2024.04.09"]
[Round "6"]
[White "Shapiro, Viktor"]
[Black "Ramil Faizrakhmanov"]
[Result "0-1"]
[Board "44"]
[WhiteFideId "4175700"]
[BlackFideId "24103209"]
[WhiteTitle "FM"]
[BlackTitle "IM"]
[WhiteElo "2634"]
[BlackElo "2879"]
[WhiteTeam "RUS"]
[BlackTeam "RUS"]
[WhiteClock "0:00:11"]
[BlackClock "0:00:21"]
[Variant "Standard"]

1. c4 {[%clk 0:03:00]}  e5 {[%clk 0:02:59]} 2. Nc3 {[%clk 0:03:00]}  Nf6 {[%clk 0:02:59]} 3. g3 {[%clk 0:03:00]}  d5 {[%clk 0:02:59]} 4. cxd5 {[%clk 0:02:59]}  Nxd5 {[%clk 0:03:00]} 5. Bg2 {[%clk 0:03:00]}  Nb6 {[%clk 0:03:00]} 6. Nf3 {[%clk 0:03:00]}  Nc6 {[%clk 0:03:00]} 7. d3 {[%clk 0:03:01]}  Be7 {[%clk 0:03:01]} 8. O-O {[%clk 0:03:01]}  O-O {[%clk 0:03:01]} 9. a3 {[%clk 0:03:01]}  Re8 {[%clk 0:03:01]} 10. b4 {[%clk 0:02:58]}  Bf8 {[%clk 0:03:01]} 11. Rb1 {[%clk 0:02:57]}  Nd4 {[%clk 0:03:01]} 12. Nd2 {[%clk 0:02:54]}  a5 {[%clk 0:02:57]} 13. b5 {[%clk 0:02:44]}  a4 {[%clk 0:02:56]} 14. e3 {[%clk 0:02:39]}  Ne6 {[%clk 0:02:55]} 15. Qc2 {[%clk 0:02:33]}  Nc5 {[%clk 0:02:51]} 16. Nc4 {[%clk 0:02:13]}  Qxd3 {[%clk 0:02:45]} 17. Qxd3 {[%clk 0:02:12]}  Nxd3 {[%clk 0:02:46]} 18. Nxb6 {[%clk 0:02:12]}  cxb6 {[%clk 0:02:47]} 19. Nd5 {[%clk 0:02:09]}  Nxc1 {[%clk 0:02:43]} 20. Rfxc1 {[%clk 0:02:07]}  Bxa3 {[%clk 0:02:43]} 21. Rd1 {[%clk 0:01:59]}  Bc5 {[%clk 0:02:26]} 22. Nc7 {[%clk 0:01:59]}  Bf5 {[%clk 0:02:26]} 23. Ra1 {[%clk 0:01:53]}  a3 {[%clk 0:02:19]} 24. Nxa8 {[%clk 0:01:50]}  Rxa8 {[%clk 0:02:18]} 25. Bxb7 {[%clk 0:01:50]}  Rb8 {[%clk 0:02:16]} 26. Bd5 {[%clk 0:01:50]}  Kf8 {[%clk 0:02:12]} 27. Kg2 {[%clk 0:01:48]}  Ke7 {[%clk 0:02:09]} 28. e4 {[%clk 0:01:37]}  Bd7 {[%clk 0:02:08]} 29. Bc6 {[%clk 0:01:30]}  Bxc6 {[%clk 0:02:06]} 30. bxc6 {[%clk 0:01:30]}  Rc8 {[%clk 0:02:06]} 31. Rd7+ {[%clk 0:01:29]}  Ke6 {[%clk 0:02:05]} 32. f4 {[%clk 0:01:20]}  Rxc6 {[%clk 0:02:00]} 33. Rb7 {[%clk 0:01:19]}  Rd6 {[%clk 0:01:46]} 34. h4 {[%clk 0:01:12]}  h5 {[%clk 0:01:44]} 35. f5+ {[%clk 0:00:58]}  Kf6 {[%clk 0:01:43]} 36. Kh3 {[%clk 0:00:57]}  Rd4 {[%clk 0:01:36]} 37. Re1 {[%clk 0:00:51]}  Ra4 {[%clk 0:01:29]} 38. Rd1 {[%clk 0:00:37]}  Rxe4 {[%clk 0:01:25]} 39. Rdd7 {[%clk 0:00:37]}  Kxf5 {[%clk 0:01:25]} 40. Rxf7+ {[%clk 0:00:37]}  Ke6 {[%clk 0:01:25]} 41. Rxg7 {[%clk 0:00:33]}  Ra4 {[%clk 0:01:17]} 42. Ra7 {[%clk 0:00:29]}  b5 {[%clk 0:01:06]} 43. Rxa4 {[%clk 0:00:28]}  bxa4 {[%clk 0:01:07]} 44. Rg6+ {[%clk 0:00:28]}  Kd5 {[%clk 0:00:57]} 45. Ra6 {[%clk 0:00:29]}  Kc4 {[%clk 0:00:53]} 46. Rxa4+ {[%clk 0:00:30]}  Kb3 {[%clk 0:00:52]} 47. Ra6 {[%clk 0:00:28]}  e4 {[%clk 0:00:46]} 48. g4 {[%clk 0:00:26]}  e3 {[%clk 0:00:44]} 49. Kg2 {[%clk 0:00:22]}  e2 {[%clk 0:00:41]} 50. Re6 {[%clk 0:00:21]}  a2 {[%clk 0:00:41]} 51. Rxe2 {[%clk 0:00:19]}  a1=Q {[%clk 0:00:41]} 52. gxh5 {[%clk 0:00:16]}  Qg1+ {[%clk 0:00:40]} 53. Kh3 {[%clk 0:00:16]}  Qf1+ {[%clk 0:00:38]} 54. Rg2 {[%clk 0:00:16]}  Qh1+ {[%clk 0:00:28]} 55. Kg3 {[%clk 0:00:13]}  Bd6+ {[%clk 0:00:26]} 56. Kf2 {[%clk 0:00:13]}  Qxh4+ {[%clk 0:00:26]} 57. Ke2 {[%clk 0:00:12]}  Qxh5+ {[%clk 0:00:22]} 58. Kf2 {[%clk 0:00:12]}  Qh4+ {[%clk 0:00:21]} 59. Kf3 {[%clk 0:00:12]}  Qh3+ {[%clk 0:00:20]} 60. Kf2 {[%clk 0:00:12]}  Bc5+ {[%clk 0:00:20]} 61. Kf1 {[%clk 0:00:12]}  Qh1+ {[%clk 0:00:20]} 62. Ke2 {[%clk 0:00:11]}  Qxg2+ {[%clk 0:00:21]} 0-1

[Event "April 9 Late 2024"]
[Site "Chess.com"]
[Date "2024.04.09"]
[Round "6"]
[White "Iskusnyh, Sergei"]
[Black "Vakhlamov, Igor L."]
[Result "0-1"]
[Board "45"]
[WhiteFideId "4120027"]
[BlackFideId "24126748"]
[WhiteTitle "GM"]
[BlackTitle "FM"]
[WhiteElo "2627"]
[BlackElo "2866"]
[WhiteTeam "RUS"]
[BlackTeam "RUS"]
[WhiteClock "0:00:00"]
[BlackClock "0:00:41"]
[Variant "Standard"]

1. d4 {[%clk 0:03:00]}  d5 {[%clk 0:03:00]} 2. c4 {[%clk 0:03:00]}  e6 {[%clk 0:03:00]} 3. Nf3 {[%clk 0:03:00]}  Nf6 {[%clk 0:03:01]} 4. g3 {[%clk 0:03:00]}  c5 {[%clk 0:03:02]} 5. cxd5 {[%clk 0:02:59]}  cxd4 {[%clk 0:03:02]} 6. Bg2 {[%clk 0:02:48]}  Bc5 {[%clk 0:03:02]} 7. O-O {[%clk 0:02:32]}  O-O {[%clk 0:03:02]} 8. Nxd4 {[%clk 0:02:27]}  Nxd5 {[%clk 0:03:02]} 9. Nc3 {[%clk 0:02:23]}  Nxc3 {[%clk 0:03:03]} 10. bxc3 {[%clk 0:02:23]}  e5 {[%clk 0:03:03]} 11. Nb3 {[%clk 0:02:14]}  Bd6 {[%clk 0:03:04]} 12. Qd3 {[%clk 0:02:07]}  Qc7 {[%clk 0:03:01]} 13. Rd1 {[%clk 0:01:56]}  Rd8 {[%clk 0:02:37]} 14. Bg5 {[%clk 0:01:40]}  f6 {[%clk 0:02:37]} 15. Be3 {[%clk 0:01:39]}  Nc6 {[%clk 0:02:28]} 16. Be4 {[%clk 0:01:37]}  g6 {[%clk 0:02:20]} 17. Nc5 {[%clk 0:00:56]}  Bxc5 {[%clk 0:02:04]} 18. Qc4+ {[%clk 0:00:54]}  Kg7 {[%clk 0:02:04]} 19. Bxc5 {[%clk 0:00:50]}  Bh3 {[%clk 0:01:56]} 20. Bf3 {[%clk 0:00:37]}  Rxd1+ {[%clk 0:01:54]} 21. Rxd1 {[%clk 0:00:36]}  Rd8 {[%clk 0:01:54]} 22. Rxd8 {[%clk 0:00:23]}  Qxd8 {[%clk 0:01:54]} 23. Qd3 {[%clk 0:00:23]}  Qc7 {[%clk 0:01:32]} 24. Ba3 {[%clk 0:00:22]}  Be6 {[%clk 0:01:28]} 25. Qd2 {[%clk 0:00:21]}  Na5 {[%clk 0:01:18]} 26. Bc1 {[%clk 0:00:20]}  g5 {[%clk 0:01:18]} 27. h4 {[%clk 0:00:20]}  h6 {[%clk 0:01:19]} 28. hxg5 {[%clk 0:00:19]}  hxg5 {[%clk 0:01:20]} 29. Be4 {[%clk 0:00:17]}  Nc4 {[%clk 0:01:17]} 30. Qd3 {[%clk 0:00:17]}  Nd6 {[%clk 0:01:10]} 31. Bg2 {[%clk 0:00:16]}  b6 {[%clk 0:01:07]} 32. Qf3 {[%clk 0:00:13]}  Bxa2 {[%clk 0:01:01]} 33. Qh5 {[%clk 0:00:11]}  Bf7 {[%clk 0:01:01]} 34. Qf3 {[%clk 0:00:10]}  Bg6 {[%clk 0:01:01]} 35. Bd2 {[%clk 0:00:09]}  Be4 {[%clk 0:01:00]} 36. Qe3 {[%clk 0:00:07]}  Bxg2 {[%clk 0:01:00]} 37. Kxg2 {[%clk 0:00:08]}  a5 {[%clk 0:00:56]} 38. f3 {[%clk 0:00:07]}  Nc4 {[%clk 0:00:55]} 39. Qd3 {[%clk 0:00:06]}  Nxd2 {[%clk 0:00:55]} 40. Qxd2 {[%clk 0:00:07]}  a4 {[%clk 0:00:56]} 41. Qd5 {[%clk 0:00:06]}  a3 {[%clk 0:00:55]} 42. g4 {[%clk 0:00:06]}  Qa7 {[%clk 0:00:54]} 43. Qa2 {[%clk 0:00:05]}  b5 {[%clk 0:00:55]} 44. Kf1 {[%clk 0:00:03]}  Qc5 {[%clk 0:00:53]} 45. Kg2 {[%clk 0:00:03]}  Qxc3 {[%clk 0:00:52]} 46. Qe6 {[%clk 0:00:01]}  Qc5 {[%clk 0:00:52]} 47. Qd7+ {[%clk 0:00:01]}  Kg8 {[%clk 0:00:50]} 48. Qd8+ {[%clk 0:00:01]}  Kf7 {[%clk 0:00:50]} 49. Qd7+ {[%clk 0:00:01]}  Qe7 {[%clk 0:00:50]} 50. Qxb5 {[%clk 0:00:01]}  Kg7 {[%clk 0:00:50]} 51. Qa6 {[%clk 0:00:01]}  e4 {[%clk 0:00:50]} 52. Kg3 {[%clk 0:00:01]}  exf3 {[%clk 0:00:49]} 53. exf3 {[%clk 0:00:01]}  Qe5+ {[%clk 0:00:44]} 54. Kh3 {[%clk 0:00:01]}  Qc5 {[%clk 0:00:41]} 55. Qb7+ {[%clk 0:00:01]}  Kg8 {[%clk 0:00:41]} 56. Qa8+ {[%clk 0:00:00]}  Qf8 {[%clk 0:00:41]} 0-1

[Event "April 9 Late 2024"]
[Site "Chess.com"]
[Date "2024.04.09"]
[Round "6"]
[White "Boyer, Mahel"]
[Black "Palencia Morales, Wilson Guillermo"]
[Result "1-0"]
[Board "47"]
[WhiteFideId "45102422"]
[BlackFideId "4401859"]
[WhiteTitle "IM"]
[BlackTitle "IM"]
[WhiteElo "2781"]
[BlackElo "2610"]
[WhiteTeam "FRA"]
[BlackTeam "COL"]
[WhiteClock "0:00:39"]
[BlackClock "0:00:03"]
[Variant "Standard"]

1. d4 {[%clk 0:03:00]}  Nf6 {[%clk 0:02:59]} 2. c4 {[%clk 0:02:59]}  c5 {[%clk 0:02:59]} 3. d5 {[%clk 0:02:58]}  g6 {[%clk 0:03:00]} 4. Nc3 {[%clk 0:02:55]}  Bg7 {[%clk 0:03:00]} 5. e4 {[%clk 0:02:56]}  d6 {[%clk 0:03:01]} 6. h3 {[%clk 0:02:53]}  O-O {[%clk 0:03:01]} 7. Nf3 {[%clk 0:02:52]}  e6 {[%clk 0:03:01]} 8. Bd3 {[%clk 0:02:51]}  exd5 {[%clk 0:03:02]} 9. cxd5 {[%clk 0:02:52]}  a6 {[%clk 0:03:02]} 10. a4 {[%clk 0:02:50]}  Nh5 {[%clk 0:03:02]} 11. O-O {[%clk 0:02:49]}  Nd7 {[%clk 0:02:58]} 12. Be2 {[%clk 0:02:49]}  Re8 {[%clk 0:02:56]} 13. Bg5 {[%clk 0:02:44]}  Bf6 {[%clk 0:02:55]} 14. Bh6 {[%clk 0:02:44]}  Rb8 {[%clk 0:02:55]} 15. Nd2 {[%clk 0:02:41]}  Ng7 {[%clk 0:02:53]} 16. f4 {[%clk 0:02:33]}  Bd4+ {[%clk 0:02:42]} 17. Kh2 {[%clk 0:02:33]}  f5 {[%clk 0:02:31]} 18. e5 {[%clk 0:02:31]}  dxe5 {[%clk 0:02:29]} 19. d6 {[%clk 0:02:32]}  e4 {[%clk 0:02:06]} 20. Nc4 {[%clk 0:02:29]}  Nf6 {[%clk 0:02:00]} 21. Ne5 {[%clk 0:02:15]}  Qxd6 {[%clk 0:01:55]} 22. Qb3+ {[%clk 0:02:11]}  Be6 {[%clk 0:01:53]} 23. Bc4 {[%clk 0:02:12]}  Bxc4 {[%clk 0:01:36]} 24. Qxc4+ {[%clk 0:02:10]}  Qe6 {[%clk 0:01:36]} 25. Qe2 {[%clk 0:02:11]}  Ngh5 {[%clk 0:01:29]} 26. Nc4 {[%clk 0:02:00]}  Qe7 {[%clk 0:01:12]} 27. Bg5 {[%clk 0:01:57]}  h6 {[%clk 0:01:10]} 28. Bxf6 {[%clk 0:01:45]}  Nxf6 {[%clk 0:01:06]} 29. g4 {[%clk 0:01:43]}  fxg4 {[%clk 0:00:53]} 30. hxg4 {[%clk 0:01:44]}  h5 {[%clk 0:00:53]} 31. gxh5 {[%clk 0:01:42]}  Nxh5 {[%clk 0:00:51]} 32. Qg4 {[%clk 0:01:41]}  Kh7 {[%clk 0:00:51]} 33. f5 {[%clk 0:01:40]}  Be5+ {[%clk 0:00:38]} 34. Kh3 {[%clk 0:01:41]}  Rg8 {[%clk 0:00:06]} 35. Nxe4 {[%clk 0:01:12]}  Nf6 {[%clk 0:00:04]} 36. Qh4+ {[%clk 0:00:50]}  Kg7 {[%clk 0:00:04]} 37. Rg1 {[%clk 0:00:49]}  Rh8 {[%clk 0:00:03]} 38. Rxg6+ {[%clk 0:00:50]}  Kf7 {[%clk 0:00:04]} 39. Ng5+ {[%clk 0:00:51]}  Ke8 {[%clk 0:00:04]} 40. Qxh8+ {[%clk 0:00:52]}  Kd7 {[%clk 0:00:05]} 41. Qh4 {[%clk 0:00:47]}  Bxb2 {[%clk 0:00:04]} 42. Rd1+ {[%clk 0:00:46]}  Bd4 {[%clk 0:00:04]} 43. Ne6 {[%clk 0:00:45]}  Kc6 {[%clk 0:00:04]} 44. Nxd4+ {[%clk 0:00:42]}  cxd4 {[%clk 0:00:04]} 45. Rxf6+ {[%clk 0:00:42]}  Kc5 {[%clk 0:00:04]} 46. Rc1 {[%clk 0:00:39]}  Kd5 {[%clk 0:00:04]} 47. Nb6+ {[%clk 0:00:39]}  Ke5 {[%clk 0:00:03]} 48. Re1# {[%clk 0:00:39]} 1-0

[Event "April 9 Late 2024"]
[Site "Chess.com"]
[Date "2024.04.09"]
[Round "6"]
[White "Ambartsumova, Karina"]
[Black "Wagner, Dennis"]
[Result "1-0"]
[Board "49"]
[WhiteFideId "4166299"]
[BlackFideId "24650684"]
[WhiteTitle "IM"]
[BlackTitle "GM"]
[WhiteElo "2600"]
[BlackElo "2780"]
[WhiteTeam "RUS"]
[BlackTeam "GER"]
[WhiteClock "0:00:16"]
[BlackClock "0:00:03"]
[Variant "Standard"]

1. d4 {[%clk 0:03:00]}  Nf6 {[%clk 0:02:57]} 2. c4 {[%clk 0:03:01]}  e6 {[%clk 0:02:57]} 3. Nc3 {[%clk 0:03:00]}  Bb4 {[%clk 0:02:56]} 4. a3 {[%clk 0:03:01]}  Bxc3+ {[%clk 0:02:52]} 5. bxc3 {[%clk 0:03:02]}  d6 {[%clk 0:02:45]} 6. f3 {[%clk 0:03:01]}  c5 {[%clk 0:02:41]} 7. e4 {[%clk 0:03:01]}  Nc6 {[%clk 0:02:41]} 8. Ne2 {[%clk 0:03:01]}  b6 {[%clk 0:02:35]} 9. Be3 {[%clk 0:03:01]}  Qe7 {[%clk 0:02:34]} 10. Ng3 {[%clk 0:02:59]}  Na5 {[%clk 0:02:33]} 11. Bd3 {[%clk 0:02:59]}  Nd7 {[%clk 0:02:27]} 12. O-O {[%clk 0:02:57]}  Ba6 {[%clk 0:02:27]} 13. Qe2 {[%clk 0:02:57]}  h5 {[%clk 0:02:27]} 14. Rf2 {[%clk 0:02:50]}  h4 {[%clk 0:02:27]} 15. Nf1 {[%clk 0:02:50]}  Rc8 {[%clk 0:02:22]} 16. Nd2 {[%clk 0:02:50]}  h3 {[%clk 0:02:05]} 17. g3 {[%clk 0:02:44]}  Kd8 {[%clk 0:02:02]} 18. f4 {[%clk 0:02:29]}  Kc7 {[%clk 0:01:53]} 19. e5 {[%clk 0:02:29]}  Kb8 {[%clk 0:01:45]} 20. Ne4 {[%clk 0:02:20]}  cxd4 {[%clk 0:01:08]} 21. cxd4 {[%clk 0:02:01]}  Bxc4 {[%clk 0:01:08]} 22. Nxd6 {[%clk 0:01:56]}  Bxd3 {[%clk 0:01:08]} 23. Nxc8 {[%clk 0:01:20]}  Bxe2 {[%clk 0:01:03]} 24. Nxe7 {[%clk 0:01:20]}  Bg4 {[%clk 0:01:04]} 25. f5 {[%clk 0:01:12]}  Nc4 {[%clk 0:00:34]} 26. Bf4 {[%clk 0:01:13]}  Re8 {[%clk 0:00:26]} 27. f6 {[%clk 0:01:07]}  gxf6 {[%clk 0:00:25]} 28. exf6+ {[%clk 0:01:08]}  Kb7 {[%clk 0:00:25]} 29. Bg5 {[%clk 0:01:06]}  Nd6 {[%clk 0:00:22]} 30. Re1 {[%clk 0:01:03]}  Rh8 {[%clk 0:00:16]} 31. Rf4 {[%clk 0:00:57]}  Bf5 {[%clk 0:00:16]} 32. Rh4 {[%clk 0:00:56]}  Rd8 {[%clk 0:00:13]} 33. g4 {[%clk 0:00:38]}  Bc2 {[%clk 0:00:12]} 34. Rxh3 {[%clk 0:00:38]}  Nb8 {[%clk 0:00:10]} 35. Rhe3 {[%clk 0:00:31]}  Ba4 {[%clk 0:00:09]} 36. h4 {[%clk 0:00:31]}  Nc6 {[%clk 0:00:09]} 37. Nxc6 {[%clk 0:00:24]}  Bxc6 {[%clk 0:00:10]} 38. Bf4 {[%clk 0:00:23]}  Nb5 {[%clk 0:00:09]} 39. Be5 {[%clk 0:00:23]}  Bd5 {[%clk 0:00:10]} 40. h5 {[%clk 0:00:23]}  Rg8 {[%clk 0:00:09]} 41. Rg3 {[%clk 0:00:21]}  Nc7 {[%clk 0:00:08]} 42. h6 {[%clk 0:00:20]}  Rh8 {[%clk 0:00:08]} 43. g5 {[%clk 0:00:20]}  Ne8 {[%clk 0:00:09]} 44. Kf2 {[%clk 0:00:19]}  Kc6 {[%clk 0:00:09]} 45. Rh3 {[%clk 0:00:19]}  Rh7 {[%clk 0:00:06]} 46. Rh4 {[%clk 0:00:18]}  Nd6 {[%clk 0:00:06]} 47. Bxd6 {[%clk 0:00:17]}  Kxd6 {[%clk 0:00:07]} 48. Rg1 {[%clk 0:00:17]}  Be4 {[%clk 0:00:03]} 49. Rxe4 {[%clk 0:00:16]} 1-0

[Event "April 9 Late 2024"]
[Site "Chess.com"]
[Date "2024.04.09"]
[Round "6"]
[White "Gorovets, Andrey"]
[Black "Tulchynskyi, Feliks"]
[Result "1-0"]
[Board "50"]
[WhiteFideId "13504037"]
[BlackFideId "34127895"]
[WhiteTitle "GM"]
[BlackTitle "FM"]
[WhiteElo "2768"]
[BlackElo "2597"]
[WhiteTeam "BLR"]
[BlackTeam "UKR"]
[WhiteClock "0:00:20"]
[BlackClock "0:00:20"]
[Variant "Standard"]

1. e4 {[%clk 0:03:00]}  c6 {[%clk 0:02:55]} 2. Nf3 {[%clk 0:03:01]}  d5 {[%clk 0:02:54]} 3. Nc3 {[%clk 0:03:02]}  Nf6 {[%clk 0:02:53]} 4. e5 {[%clk 0:02:59]}  Ng8 {[%clk 0:02:52]} 5. h3 {[%clk 0:02:48]}  e6 {[%clk 0:02:48]} 6. d4 {[%clk 0:02:46]}  b5 {[%clk 0:02:39]} 7. Ne2 {[%clk 0:02:38]}  Qb6 {[%clk 0:02:34]} 8. Nf4 {[%clk 0:02:29]}  Ne7 {[%clk 0:02:30]} 9. Nh5 {[%clk 0:02:27]}  Nd7 {[%clk 0:02:24]} 10. a4 {[%clk 0:02:23]}  a5 {[%clk 0:02:15]} 11. axb5 {[%clk 0:02:19]}  cxb5 {[%clk 0:02:16]} 12. Bd3 {[%clk 0:02:19]}  Ba6 {[%clk 0:02:15]} 13. O-O {[%clk 0:02:10]}  b4 {[%clk 0:02:14]} 14. Bxa6 {[%clk 0:02:08]}  Rxa6 {[%clk 0:02:15]} 15. c3 {[%clk 0:02:05]}  g6 {[%clk 0:02:13]} 16. Nf6+ {[%clk 0:01:52]}  Nxf6 {[%clk 0:02:12]} 17. exf6 {[%clk 0:01:53]}  Nc6 {[%clk 0:02:13]} 18. Bf4 {[%clk 0:01:52]}  Qd8 {[%clk 0:02:13]} 19. Qe2 {[%clk 0:01:47]}  Ra8 {[%clk 0:02:09]} 20. Qb5 {[%clk 0:01:38]}  Qd7 {[%clk 0:02:08]} 21. Rfe1 {[%clk 0:01:03]}  Ra7 {[%clk 0:01:47]} 22. c4 {[%clk 0:00:48]}  Rb7 {[%clk 0:01:33]} 23. Qa4 {[%clk 0:00:41]}  dxc4 {[%clk 0:01:31]} 24. d5 {[%clk 0:00:42]}  Qxd5 {[%clk 0:01:29]} 25. Ne5 {[%clk 0:00:37]}  Bd6 {[%clk 0:00:40]} 26. Rad1 {[%clk 0:00:31]}  Qc5 {[%clk 0:00:39]} 27. Nxc6 {[%clk 0:00:28]}  Rd7 {[%clk 0:00:20]} 28. Nb8 {[%clk 0:00:20]} 1-0

[Event "April 9 Late 2024"]
[Site "Chess.com"]
[Date "2024.04.09"]
[Round "6"]
[White "Olhovik, Andrei"]
[Black "Rosen, Eric"]
[Result "0-1"]
[Board "51"]
[WhiteFideId "13507397"]
[BlackFideId "2032562"]
[WhiteTitle "FM"]
[BlackTitle "IM"]
[WhiteElo "2591"]
[BlackElo "2768"]
[WhiteTeam "FID"]
[BlackTeam "USA"]
[WhiteClock "0:00:00"]
[BlackClock "0:00:14"]
[Variant "Standard"]

1. d4 {[%clk 0:02:59]}  d5 {[%clk 0:02:59]} 2. c4 {[%clk 0:02:57]}  e6 {[%clk 0:02:59]} 3. Nc3 {[%clk 0:02:57]}  Nf6 {[%clk 0:02:58]} 4. cxd5 {[%clk 0:02:57]}  exd5 {[%clk 0:02:58]} 5. Bg5 {[%clk 0:02:57]}  c6 {[%clk 0:02:59]} 6. e3 {[%clk 0:02:57]}  Bd6 {[%clk 0:02:58]} 7. Bd3 {[%clk 0:02:56]}  O-O {[%clk 0:02:58]} 8. Qc2 {[%clk 0:02:55]}  h6 {[%clk 0:02:59]} 9. Bh4 {[%clk 0:02:54]}  Re8 {[%clk 0:02:59]} 10. Nge2 {[%clk 0:02:54]}  a5 {[%clk 0:03:00]} 11. Bg3 {[%clk 0:02:44]}  Bxg3 {[%clk 0:02:59]} 12. hxg3 {[%clk 0:02:44]}  Na6 {[%clk 0:03:00]} 13. a3 {[%clk 0:02:42]}  Ng4 {[%clk 0:02:56]} 14. Bf5 {[%clk 0:02:34]}  Nc7 {[%clk 0:02:20]} 15. Rh4 {[%clk 0:02:30]}  Nf6 {[%clk 0:01:59]} 16. O-O-O {[%clk 0:02:10]}  b5 {[%clk 0:01:55]} 17. Rdh1 {[%clk 0:02:09]}  b4 {[%clk 0:01:44]} 18. Nb1 {[%clk 0:01:55]}  Bxf5 {[%clk 0:01:35]} 19. Qxf5 {[%clk 0:01:55]}  Ne6 {[%clk 0:01:36]} 20. a4 {[%clk 0:01:13]}  c5 {[%clk 0:01:36]} 21. Nd2 {[%clk 0:01:13]}  c4 {[%clk 0:01:29]} 22. Nf3 {[%clk 0:00:56]}  Ra6 {[%clk 0:00:49]} 23. Ne5 {[%clk 0:00:52]}  Qe7 {[%clk 0:00:36]} 24. f3 {[%clk 0:00:29]}  Nh7 {[%clk 0:00:33]} 25. Rxh6 {[%clk 0:00:24]}  gxh6 {[%clk 0:00:21]} 26. Rxh6 {[%clk 0:00:25]}  Nhg5 {[%clk 0:00:21]} 27. Qg4 {[%clk 0:00:20]}  Qf8 {[%clk 0:00:15]} 28. Qh5 {[%clk 0:00:20]}  Qg7 {[%clk 0:00:14]} 29. Nf4 {[%clk 0:00:19]}  Nxf4 {[%clk 0:00:14]} 30. gxf4 {[%clk 0:00:19]}  Rxh6 {[%clk 0:00:15]} 31. Qxg5 {[%clk 0:00:18]}  Qxg5 {[%clk 0:00:15]} 32. fxg5 {[%clk 0:00:19]}  Rh2 {[%clk 0:00:15]} 33. Ng4 {[%clk 0:00:17]}  Rxg2 {[%clk 0:00:14]} 34. Nf6+ {[%clk 0:00:18]}  Kf8 {[%clk 0:00:15]} 35. Nxd5 {[%clk 0:00:17]}  Kg7 {[%clk 0:00:14]} 36. e4 {[%clk 0:00:00]}  Rh8 {[%clk 0:00:14]} 0-1

[Event "April 9 Late 2024"]
[Site "Chess.com"]
[Date "2024.04.09"]
[Round "6"]
[White "Gabrielian, Artur"]
[Black "Skotheim, Andreas"]
[Result "1-0"]
[Board "53"]
[WhiteFideId "4131002"]
[BlackFideId "1518526"]
[WhiteTitle "GM"]
[BlackTitle "CM"]
[WhiteElo "2764"]
[BlackElo "2583"]
[WhiteTeam "RUS"]
[BlackTeam "NOR"]
[WhiteClock "0:00:02"]
[BlackClock "0:00:00"]
[Variant "Standard"]

1. e4 {[%clk 0:03:00]}  c5 {[%clk 0:02:58]} 2. Nf3 {[%clk 0:03:00]}  Nc6 {[%clk 0:02:58]} 3. Bb5 {[%clk 0:03:00]}  Nf6 {[%clk 0:02:56]} 4. Nc3 {[%clk 0:03:00]}  Nd4 {[%clk 0:02:49]} 5. e5 {[%clk 0:02:48]}  Nxb5 {[%clk 0:02:46]} 6. Nxb5 {[%clk 0:02:47]}  Nd5 {[%clk 0:02:46]} 7. c4 {[%clk 0:02:47]}  Nc7 {[%clk 0:02:43]} 8. Nc3 {[%clk 0:02:47]}  d5 {[%clk 0:02:39]} 9. exd6 {[%clk 0:02:46]}  Qxd6 {[%clk 0:02:37]} 10. O-O {[%clk 0:02:42]}  Bg4 {[%clk 0:02:28]} 11. h3 {[%clk 0:02:42]}  Bh5 {[%clk 0:02:27]} 12. Ne4 {[%clk 0:02:35]}  Qc6 {[%clk 0:02:24]} 13. d3 {[%clk 0:02:31]}  f6 {[%clk 0:02:03]} 14. Re1 {[%clk 0:02:12]}  e5 {[%clk 0:01:59]} 15. Nxe5 {[%clk 0:02:08]}  Bxd1 {[%clk 0:01:51]} 16. Nxc6 {[%clk 0:02:06]}  Bc2 {[%clk 0:01:35]} 17. Nxc5+ {[%clk 0:01:34]}  Kf7 {[%clk 0:01:27]} 18. Nd4 {[%clk 0:01:31]}  Bxc5 {[%clk 0:01:17]} 19. Nxc2 {[%clk 0:01:31]}  Rhd8 {[%clk 0:01:14]} 20. Be3 {[%clk 0:01:23]}  Ne6 {[%clk 0:01:02]} 21. Rad1 {[%clk 0:01:20]}  b6 {[%clk 0:01:00]} 22. d4 {[%clk 0:01:19]}  Bf8 {[%clk 0:00:59]} 23. d5 {[%clk 0:01:18]}  Nc5 {[%clk 0:00:58]} 24. Nd4 {[%clk 0:01:13]}  Rac8 {[%clk 0:00:52]} 25. Nc6 {[%clk 0:01:12]}  Rd7 {[%clk 0:00:53]} 26. b4 {[%clk 0:01:06]}  Na4 {[%clk 0:00:48]} 27. a3 {[%clk 0:01:04]}  a6 {[%clk 0:00:42]} 28. Bd4 {[%clk 0:01:00]}  b5 {[%clk 0:00:38]} 29. Rc1 {[%clk 0:00:17]}  bxc4 {[%clk 0:00:27]} 30. Rxc4 {[%clk 0:00:16]}  Rxd5 {[%clk 0:00:25]} 31. Be3 {[%clk 0:00:09]}  Re8 {[%clk 0:00:07]} 32. Rec1 {[%clk 0:00:09]}  Nb2 {[%clk 0:00:07]} 33. R4c3 {[%clk 0:00:08]}  Nd1 {[%clk 0:00:06]} 34. Rb3 {[%clk 0:00:06]}  Nxe3 {[%clk 0:00:06]} 35. Rxe3 {[%clk 0:00:06]}  Rxe3 {[%clk 0:00:06]} 36. fxe3 {[%clk 0:00:07]}  Rd3 {[%clk 0:00:06]} 37. a4 {[%clk 0:00:06]}  Rxe3 {[%clk 0:00:06]} 38. b5 {[%clk 0:00:06]}  axb5 {[%clk 0:00:07]} 39. axb5 {[%clk 0:00:07]}  Rb3 {[%clk 0:00:08]} 40. Nd4 {[%clk 0:00:05]}  Rb4 {[%clk 0:00:08]} 41. Rc7+ {[%clk 0:00:05]}  Kg6 {[%clk 0:00:07]} 42. Ne6 {[%clk 0:00:05]}  Bd6 {[%clk 0:00:03]} 43. Rxg7+ {[%clk 0:00:05]}  Kf5 {[%clk 0:00:03]} 44. Nd8 {[%clk 0:00:05]}  Bc5+ {[%clk 0:00:02]} 45. Kf1 {[%clk 0:00:05]}  Rxb5 {[%clk 0:00:02]} 46. Ke2 {[%clk 0:00:05]}  Rb2+ {[%clk 0:00:02]} 47. Kd3 {[%clk 0:00:05]}  Bb6 {[%clk 0:00:01]} 48. Nc6 {[%clk 0:00:05]}  Rb3+ {[%clk 0:00:01]} 49. Kc4 {[%clk 0:00:04]}  Rb1 {[%clk 0:00:01]} 50. Kd5 {[%clk 0:00:03]}  Rd1+ {[%clk 0:00:01]} 51. Kc4 {[%clk 0:00:04]}  Rc1+ {[%clk 0:00:02]} 52. Kb5 {[%clk 0:00:03]}  Be3 {[%clk 0:00:02]} 53. Ne7+ {[%clk 0:00:02]}  Ke6 {[%clk 0:00:02]} 54. Rxh7 {[%clk 0:00:02]}  Rc7 {[%clk 0:00:00]} 55. Ng6 {[%clk 0:00:02]} 1-0